[Event "5th XtraCon Open"]
[Site "Borup DEN"]
[Date "2010.09.10"]
[Round "6"]
[White "Hubka,R"]
[Black "Schmidt,Ho DEN"]
[Result "1-0"]
[WhiteElo "2048"]
[BlackElo "1869"]

1.Nf3 d5 2.c4 e6 3.b3 Nf6 4.Bb2 Be7 5.g3 O-O 6.Bg2 c5 7.O-O Nc6 8.cxd5 exd5
9.d4 cxd4 10.Nxd4 Nxd4 11.Qxd4 Be6 12.Nd2 Rc8 13.Rac1 Qa5 14.a3 Rfd8 15.b4 Qb5
16.Bf3 a5 17.Bc3 Ne8 18.bxa5 Bc5 19.Qh4 Bxa3 20.Rb1 Qd7 21.Bd4 Be7 22.Qf4 Rc2
23.Rfd1 Bd6 24.Qe3 Rdc8 25.Qb3 Qc7 26.Qxb7 Qxa5 27.Qb5 Qa8 28.Ra1 Qb8 29.Qxb8 Rxb8
30.Nf1 Bh3 31.Ne3 Rcc8 32.Nxd5 Nc7 33.Nxc7 Bxc7 34.Bg2 Be6 35.e4 Rd8 36.Rd2 Ba5
37.Rdd1 Bb3 38.Rdb1 Bd2 39.Be5 Rb4 40.Bd6 Rd4 41.Bc5 Rd3 42.Bf1 Rc3 43.Bb4 Bc2
44.Rb2 Bxe4 45.Rxd2  1-0

[Event "ch-ESP"]
[Site "El Sauzal ESP"]
[Date "2010.09.10"]
[Round "7"]
[White "Todorcevic,M"]
[Black "Illescas Cordoba,M"]
[Result "0-1"]
[WhiteElo "2434"]
[BlackElo "2591"]

1.Nf3 d5 2.c4 dxc4 3.Na3 a6 4.Nxc4 b5 5.Nce5 f6 6.Nd3 e5 7.Ng1 c5 8.b3 Bb7
9.Bb2 Bd6 10.e3 Ne7 11.Ne2 O-O 12.Ng3 Nd7 13.e4 Qb6 14.Be2 Rfd8 15.O-O Nf8
16.Bg4 c4 17.Nc1 Bb4 18.bxc4 bxc4 19.Qc2 Qc5 20.Bc3 a5 21.Rb1 Ba6 22.Nce2 g6
23.Kh1 h5 24.Bxh5 gxh5 25.Nxh5 Nh7 26.f4 Qd6 27.Qd1 Bxc3 28.Nxc3 Kh8 29.Qf3 Rg8
30.Qe3 Qd4 31.Qh3 Bc8 32.f5 Ra6 33.Rb2 Rb6 34.Rxb6 Qxb6 35.Qh4 Qd6 36.Qf2 Qd4
37.Qxd4 exd4 38.Nb5 Rd8 39.Rc1 Ba6 40.Nc7 c3 41.dxc3 dxc3 42.h3 Be2 43.Nf4 Rd1+
44.Rxd1 Bxd1 45.Nb5  0-1

[Event "Open"]
[Site "Livigno ITA"]
[Date "2010.09.10"]
[Round "1"]
[White "Battistella,S"]
[Black "Bentivegna,F"]
[Result "0-1"]
[WhiteElo "2091"]
[BlackElo "2360"]

1.Nf3 d5 2.c4 dxc4 3.Na3 a6 4.Nxc4 b5 5.Na3 e5 6.Qc2 Nd7 7.Nxe5 Nxe5 8.Qe4 Be6
9.Qxe5 Nf6 10.Nc2 Bd6 11.Qg5 h6 12.Qh4 g5 13.Qd4 c5 14.Qc3 b4 15.Qf3 O-O
16.Ne3 g4 17.Qc6 Rc8 18.Qa4 c4 19.g3 Ne4 20.Bg2 Nc5 21.Qd1 f5 22.Nd5 Bxg3
23.Ne7+ Qxe7 24.hxg3 Rcd8 25.Kf1 f4 26.gxf4 Rxf4 27.d3 Rf6 28.Kg1 cxd3 29.Bxh6 Bd5
30.exd3 Bf3 31.Qd2 Rg6 32.Re1 Qf7 33.d4 Bxg2 34.Kxg2 Qf3+ 35.Kg1 g3 36.Bg5 gxf2+
37.Kh2 Qh5+  0-1

[Event "TCh-CRO Women"]
[Site "Sibenik CRO"]
[Date "2010.09.10"]
[Round "7"]
[White "Srebrnic,A"]
[Black "Repkova,E"]
[Result "0-1"]
[WhiteElo "2227"]
[BlackElo "2447"]

1.Nf3 d5 2.c4 d4 3.d3 Nc6 4.g3 e5 5.Bg2 Bg4 6.O-O Qd7 7.Re1 Be7 8.Bd2 a5
9.Qa4 Ra6 10.e4 Nf6 11.Na3 Nb4 12.Qxd7+ Nxd7 13.Bxb4 Bxb4 14.Reb1 Rf6 15.Ne1 h5
16.Nac2 Be7 17.f3 Be6 18.b3 h4 19.a3 Rg6 20.g4 h3 21.Bf1 Nf6 22.Be2 Nh5 23.b4 Nf4
24.Bd1 a4 25.Kf1 Bh4 26.Rb2 Rf6 27.Kg1 Rg6 28.Kf1 Rg5 29.Rab1 g6 30.b5 f5
31.Rb4 fxg4 32.fxg4 O-O  0-1

[Event "12th Open"]
[Site "Trieste ITA"]
[Date "2010.09.10"]
[Round "8"]
[White "Ivanovic,A"]
[Black "Archangelsky,M"]
[Result "1/2-1/2"]
[WhiteElo "1898"]
[BlackElo "2212"]

1.Nf3 d5 2.c4 e6 3.g3 Nf6 4.Bg2 dxc4 5.Qa4+ Nbd7 6.Qxc4 c5 7.O-O a6 8.a4 b5
9.Qc2 Bb7 10.Nc3 b4 11.Nd1 a5 12.d3 Be7 13.b3 O-O 14.Bb2 Nd5 15.e4 N5b6 16.Ne3 Qc7
17.Rfd1 Rac8 18.Nc4 Nxc4 19.dxc4 Qc6 20.Rd2 Rfd8 21.Rad1 Qc7 22.h3 Bc6 23.Nh2 h5
24.h4 Nf6 25.f4 Qb7 26.Rxd8+ Rxd8 27.Rxd8+ Bxd8 28.Bxf6 Bxf6 29.e5 Be7 30.Bxc6 Qxc6
31.Qd3 g6 32.Nf3 Kf8 33.Nd2 Ke8 34.Kh2 Qb7 35.Ne4 Qc6 36.Kh3 Qb7 37.Kh2 Qc6  1/2-1/2

[Event "Open"]
[Site "Livigno ITA"]
[Date "2010.09.11"]
[Round "2"]
[White "Jedlicka,A"]
[Black "Battistella,S"]
[Result "1-0"]
[WhiteElo "2279"]
[BlackElo "2091"]

1.Nf3 d5 2.c4 c6 3.e3 Nf6 4.Nc3 a6 5.Qc2 b5 6.cxb5 axb5 7.d4 b4 8.Na4 Bf5
9.Qxf5 Rxa4 10.Qc2 Ra7 11.Bd3 e6 12.O-O Qb6 13.Bd2 Bd6 14.Rfc1 O-O 15.Ne5 Rc8
16.a3 bxa3 17.b4 h6 18.f4 Rcc7 19.h3 Nfd7 20.Bh7+ Kf8 21.Nd3 Nf6 22.Nc5 Nbd7
23.Bd3 Bxc5 24.dxc5 Qb8 25.Bc3 d4 26.Bxd4 Qxb4 27.Rcb1 Qa4 28.Qd2 Rab7 29.Rb6 Rxb6
30.cxb6 Rb7 31.Bc2 Qc4 32.Rxa3 Ke7 33.Ra7 Rb8 34.Ra3 Kf8  1-0

[Event "WCh w Blitz Quarter-Final"]
[Site "Moscow RUS"]
[Date "2010.09.14"]
[Round "4"]
[White "Bogumil,T"]
[Black "Dogodkina,J"]
[Result "1-0"]
[WhiteElo "2096"]
[BlackElo "2087"]

1.Nf3 d5 2.c4 d4 3.g3 c5 4.b4 e6 5.Bb2 Nf6 6.Bg2 Nc6 7.bxc5 Bxc5 8.O-O O-O
9.d3 e5 10.Nbd2 Re8 11.Ng5 Bf5 12.Nge4 Bb4 13.Nxf6+ Qxf6 14.Ne4 Qg6 15.Qb3 Rab8
16.Ba3 Bxa3 17.Qxa3 Be6 18.Rab1 Ne7 19.Nd6 Rf8 20.Nxb7 Nf5 21.Nc5 h5 22.Nxe6 Qxe6
23.Qxa7 h4 24.Rxb8  1-0

[Event "WCh w Blitz Quarter-Final"]
[Site "Moscow RUS"]
[Date "2010.09.14"]
[Round "6"]
[White "Bogumil,T"]
[Black "Severina,M"]
[Result "0-1"]
[WhiteElo "2096"]
[BlackElo "2032"]

1.Nf3 d5 2.c4 c6 3.b3 Nf6 4.Bb2 e6 5.g3 Be7 6.Bg2 O-O 7.O-O Nbd7 8.d3 Re8
9.Nbd2 Bf8 10.d4 Bd6 11.Qc2 e5 12.dxe5 Nxe5 13.Rad1 Qe7 14.Nd4 Bd7 15.Nf5 Bxf5
16.Qxf5 dxc4 17.Bxe5 Bxe5 18.Nxc4 Bc7 19.e3 Rad8 20.Bf3 h6 21.Kg2 Nh7 22.h4 Nf6
23.Rxd8 Rxd8 24.e4 b5 25.e5 Nd5 26.Nd6 Bxd6 27.exd6 Rxd6 28.Qc8+ Qd8 29.Qf5 Nf6
30.Rc1 Nd5 31.a4 Ne7 32.Qe4 bxa4 33.Qxa4 a5 34.Qc4 Rd4 35.Qc5 Rb4 36.Re1 Ng6
37.Qxc6 Rb8 38.Qd5 Qc7 39.Rd1  0-1

[Event "TCh-FIN 2010-11"]
[Site "Espoo FIN"]
[Date "2010.09.18"]
[Round "1.5"]
[White "Maki Uuro,Mi"]
[Black "Lehtivaara,R"]
[Result "1-0"]
[WhiteElo "2336"]
[BlackElo "2182"]

1.Nf3 d5 2.c4 e6 3.g3 c6 4.Qc2 f5 5.Bg2 Nf6 6.O-O Be7 7.d3 O-O 8.Nbd2 Bd7
9.e4 Na6 10.exf5 exf5 11.Ne5 Bd6 12.Ndf3 Re8 13.Nxd7 Qxd7 14.Bg5 Be7 15.Rfe1 Nb4
16.Qb3 dxc4 17.dxc4 a5  1-0

[Event "WCh w Blitz Final"]
[Site "Moscow RUS"]
[Date "2010.09.18"]
[Round "19"]
[White "Stefanova,A"]
[Black "Zhukova,N"]
[Result "1-0"]
[WhiteElo "2551"]
[BlackElo "2499"]

1.Nf3 d5 2.c4 d4 3.b4 c5 4.bxc5 Nc6 5.e3 e5 6.exd4 exd4 7.Qe2+ Be6 8.d3 Bxc5
9.Ng5 Bb4+ 10.Kd1 Qd7 11.Nxe6 fxe6 12.g3 Nf6 13.Bh3 Nd8 14.a3 Be7 15.Bb2 O-O
16.Qe5 Qa4+ 17.Kc1 Nc6 18.Bxe6+ Kh8 19.Qb5 Qxb5 20.cxb5 Ne5 21.Kd2 Nf3+ 22.Ke2 Ng5
23.Bb3 Bc5 24.h3 Rae8+ 25.Kd1 Nf3 26.Nd2 Nd7 27.Ne4 Bb6 28.a4 a5 29.Ba3 Rf5
30.Nd6 Ref8  1-0

[Event "WCh w Blitz Final"]
[Site "Moscow RUS"]
[Date "2010.09.18"]
[Round "30"]
[White "Stefanova,A"]
[Black "Sebag,M"]
[Result "0-1"]
[WhiteElo "2551"]
[BlackElo "2499"]

1.Nf3 d5 2.c4 c6 3.e3 Nf6 4.b3 Bg4 5.Bb2 Nbd7 6.Be2 e6 7.h3 Bh5 8.d3 Bb4+
9.Nbd2 Bxf3 10.Bxf3 O-O 11.g4 Qe7 12.Qe2 Ba3 13.Bxa3 Qxa3 14.O-O a5 15.Bg2 a4
16.Rfb1 Nc5 17.bxa4 Ra7 18.d4 Nxa4 19.Rb3 Qe7 20.c5 e5 21.Qd1 Nd7 22.Qc2 exd4
23.exd4 Qf6 24.Rb4 Naxc5 25.g5 Qf4 26.Rab1 Ne6 27.Rxb7 Nxd4 28.Qd3 Rxa2 29.Rxd7 Rxd2
30.Qe3 Qxe3 31.fxe3 Ne6 32.h4 Re2 33.Rb3 g6 34.Bf3 Rc2 35.Ra7 d4 36.e4 Nf4
37.Rbb7 d3 38.Rd7 d2 39.Bd1 Rb2 40.Kf2 c5 41.Kg3 Ne6 42.Ra4 Nd4 43.Bg4 Rb1
44.Raxd4 cxd4 45.Rxd4 Rb2 46.Kf4 Kg7 47.Ke3 Rfb8 48.Rxd2 R8b3+ 49.Rd3 Rxd3+
50.Kxd3 Rh2 51.h5 gxh5 52.Bf5 Rg2 53.Ke3 Rxg5 54.Kf4 Rg1 55.e5 h4 56.e6 fxe6
57.Bxe6 Kf6 58.Bc8 h5 59.Bd7 Rg3 60.Bc8 Rc3 61.Bd7 h3  0-1

[Event "TCh-FIN 2010-11"]
[Site "Porvoo FIN"]
[Date "2010.09.18"]
[Round "1.7"]
[White "Halmeenmaki,T"]
[Black "Franssila,T"]
[Result "1-0"]
[WhiteElo "2160"]
[BlackElo "2243"]

1.Nf3 d5 2.c4 d4 3.g3 Nc6 4.Bg2 e5 5.O-O Nf6 6.d3 a5 7.Na3 Be7 8.Nc2 O-O
9.b3 Nd7 10.a3 Nc5 11.Rb1 Bf6 12.Nd2 Bf5 13.b4 Na4 14.Bb2 axb4 15.axb4 Nxb2
16.Rxb2 Ra7 17.b5 Nb8 18.Nb4 Nd7 19.Qc2 Be7 20.Nd5 Bc5 21.Rfb1 Nb6 22.Nxb6 cxb6
23.Ra2 Rxa2 24.Qxa2 Qe7 25.Qb2 Ra8 26.Ra1 Rb8 27.Ra7 h5 28.Qa2 Kh7 29.Ra8 Qc7
30.Qa7 Rxa8 31.Qxa8 Bc8 32.Ne4 Be7 33.h4 f5 34.Nd2 Bf6 35.Bd5 g5 36.hxg5 Bxg5
37.Nf3 Bf6 38.Kg2 Qd7 39.Qb8 f4 40.Nxe5 Qh3+ 41.Kf3 fxg3 42.Qc7+ Kh6 43.Nf7+ Kg6
44.Qxg3+ Bg4+ 45.Ke4 Qf1 46.Ne5+ Bxe5 47.Kxe5 Qxe2+ 48.Be4+ Kg7 49.Qf4 Qe1
50.Qf6+ Kg8 51.f4 Bf3 52.Qg6+ Kf8 53.Ke6 Bg4+ 54.f5  1-0

[Event "DDS GM"]
[Site "Borovo CRO"]
[Date "2010.09.20"]
[Round "1"]
[White "Lazic,Mir"]
[Black "Szuhanek,R"]
[Result "1/2-1/2"]
[WhiteElo "2502"]
[BlackElo "2504"]

1.Nf3 d5 2.c4 c6 3.d4 Nf6 4.e3 a6 5.Bd3 Bg4 6.h3 Bh5 7.Nbd2 e6 8.b3 c5 9.O-O Nc6
10.Bb2 cxd4 11.exd4 Bb4 12.Be2 O-O 13.a3 Bxd2 14.Qxd2 Na5 15.Qe3 Bxf3 16.Qxf3 Qb6
17.Rab1 Ne4 18.Bc3 Nc6 19.c5 Qc7 20.b4 Rfe8 21.Rfe1 h6 22.Rbc1 Nxc3 23.Qxc3 e5
24.dxe5 d4 25.Qd2 Rxe5 26.Bf3 Rae8 27.Rxe5 Nxe5 28.Qxd4 Nxf3+ 29.gxf3 Qc6
30.Qd3 a5 31.b5 Qf6 32.Qc3 Qg5+ 33.Kh2 Qf4+ 34.Kg2 Qg5+ 35.Kh2 Qf4+  1/2-1/2

[Event "EYCC Boys U12"]
[Site "Batumi GEO"]
[Date "2010.09.23"]
[Round "4"]
[White "Sheremet,A"]
[Black "Ali Marandi,C"]
[Result "1-0"]
[WhiteElo "1940"]
[BlackElo "2180"]

1.Nf3 d5 2.c4 c6 3.cxd5 cxd5 4.d4 Nf6 5.Nc3 Nc6 6.Bf4 a6 7.Rc1 Bf5 8.e3 Rc8
9.Be2 e6 10.O-O Be7 11.Qb3 Na5 12.Qa4+ Nc6 13.Bxa6 Ra8 14.Bxb7 Rxa4 15.Bxc6+ Nd7
16.Nxa4 O-O 17.Nc5 Nxc5 18.dxc5 Bd3 19.Rfe1 f6 20.Nd4 Qc8 21.Bd6 Rf7 22.Red1 Ba6
23.b4 e5 24.Bxd5 exd4 25.Bxe7 dxe3 26.Be6 exf2+ 27.Kxf2  1-0

[Event "EYCC Boys U14"]
[Site "Batumi GEO"]
[Date "2010.09.23"]
[Round "4"]
[White "Usmanov,V"]
[Black "Beradze,I"]
[Result "1/2-1/2"]
[WhiteElo "2219"]
[BlackElo "2242"]

1.Nf3 d5 2.c4 e6 3.e3 c6 4.b3 Nf6 5.Be2 Bd6 6.d4 Nbd7 7.Bb2 Ne4 8.O-O O-O
9.Nc3 f5 10.Nd2 Qh4 11.f4 Nxd2 12.Qxd2 Nf6 13.a4 Rf7 14.Ba3 Bc7 15.Rf3 Ne8
16.Qe1 Qd8 17.Bd3 Nf6 18.h3 Ne4 19.Bc2 Bd6 20.Nxe4 fxe4 21.Rf1 b6 22.Bxd6 Qxd6
23.b4 a5 24.c5 Qc7 25.Rb1 axb4 26.Qxb4 bxc5 27.Qxc5 Ra5 28.Qb6 c5 29.dxc5 Rxc5
30.Bd1 Qxb6 31.Rxb6 Rc3 32.Bg4 Ra7 33.Ra1 Kf7 34.Kf2 Rc2+ 35.Kg3 Rc3 36.Kf2 Rc2+
37.Kg3 Rc3  1/2-1/2

[Event "EYCC Boys U12"]
[Site "Batumi GEO"]
[Date "2010.09.23"]
[Round "4"]
[White "Kotik,V"]
[Black "Msellek,I"]
[Result "0-1"]
[WhiteElo "1809"]
[BlackElo "2066"]

1.Nf3 d5 2.c4 e6 3.e3 Nf6 4.b3 b6 5.cxd5 exd5 6.Bb2 Bd6 7.Be2 Bb7 8.O-O Nbd7
9.d3 O-O 10.Nbd2 Re8 11.Re1 a5 12.a3 a4 13.b4 c5 14.bxc5 bxc5 15.Bxf6 Qxf6
16.Rb1 Bc6 17.Qc2 Rac8 18.Bf1 Qg6 19.e4 dxe4 20.dxe4 Ne5 21.Nxe5 Bxe5 22.Bb5 Bxb5
23.Rxb5 Qa6 24.Reb1 Bd4 25.Nc4 Qg6 26.Rb6 Re6 27.Rb8 Rce8 28.Rxe8+ Rxe8 29.Rb6 Qg5
30.Nd6 Rf8 31.g3 Qf6 32.Nc4 Qf3 33.Ra6 Rd8 34.Rd6 Rb8 35.Rb6 Rxb6 36.Nxb6 Qb3
37.Qc4 Qxb6 38.Qxa4 Qb1+ 39.Kg2 Qxe4+ 40.Kh3 g5 41.Qd7 g4+  0-1

[Event "EYCC Boys U16"]
[Site "Batumi GEO"]
[Date "2010.09.23"]
[Round "5"]
[White "Nadirashvili,S"]
[Black "Volkov,Nika"]
[Result "1/2-1/2"]
[WhiteElo "1916"]
[BlackElo "2159"]

1.Nf3 d5 2.c4 d4 3.g3 c5 4.Bg2 g6 5.O-O Bg7 6.d3 e5 7.Nbd2 Ne7 8.Ne4 Qc7
9.b4 cxb4 10.Bg5 Nd7 11.Bxe7 Kxe7 12.Nh4 f5 13.Ng5 Bf6 14.Qd2 Nc5 15.f4 a5
16.Rae1 Be6 17.Kh1 Rad8 18.fxe5 Qxe5 19.Nxe6 Qxe6 20.e3 Bg5 21.Rf4 Kf8 22.exd4 Bxf4
23.gxf4 Qf6 24.dxc5 Qxh4 25.Bxb7 Rxd3 26.Qe2 Rd4 27.Qe5 Rg8 28.Bd5 Rxf4 29.Qe8+ Kg7
30.Qxg8+ Kh6 31.Qe6 Rf2 32.Bg2 Rxa2 33.Rf1 Qg5 34.Qd5 Rd2 35.Qf3 Rc2 36.Qd5 b3
37.c6 b2 38.c7 b1=Q 39.c8=Q Qb4 40.Qcc6 Rc1 41.Qd3 Rc3 42.Qdd5 a4 43.Qf7 Rc2
44.Rxf5 Qe1+ 45.Rf1 Qb4 46.Qcf3 Rc3 47.Q3f4 Qxf4 48.Qxf4+ Kg7 49.Bd5 Rh3
50.Qf7+ Kh6 51.Qf8+ Qxf8 52.Rxf8 Rc3 53.Ra8 a3 54.Ra5 Kg5 55.c5 Kf4 56.c6 g5
57.Kg2 h6 58.Ra6 Ke5 59.Bf3 Kf4 60.Ra4+ Ke5 61.Kg3 h5 62.Ra5+ Kf6 63.h3 Kg6
64.Ra7 Kf5 65.Ra5+ Kf6 66.Kf2 g4 67.hxg4 hxg4 68.Be4 Ke6 69.Bd5+ Ke5 70.Bg2+ Kf4
71.Ra4+ Kf5 72.Bd5 Ke5  1/2-1/2

[Event "39th Olympiad Women"]
[Site "Khanty-Mansiysk RUS"]
[Date "2010.09.23"]
[Round "3"]
[White "Nguyen Thi Thanh An"]
[Black "Fridthjofsdottir,S"]
[Result "1-0"]
[WhiteElo "2306"]
[BlackElo "1812"]

1.Nf3 d5 2.c4 Nf6 3.cxd5 Nxd5 4.d4 e6 5.e4 Nb6 6.Nc3 Bb4 7.Be3 O-O 8.Bd3 N8d7
9.Rc1 c5 10.O-O cxd4 11.Bxd4 Bxc3 12.Bxc3 a6 13.Ba5 e5 14.Qb3 Qf6 15.Rfd1 Re8
16.Rc7 h5 17.h4 Rb8 18.Bf1 Na8 19.Rcxd7 Bxd7 20.Rxd7 b5 21.Ng5 Re7 22.Bd8 Qxg5
23.Bxe7 Qg6 24.Bc5 Rc8 25.Qd5 Nc7 26.Rxc7  1-0

[Event "39th Olympiad Men"]
[Site "Khanty-Mansiysk RUS"]
[Date "2010.09.24"]
[Round "4"]
[White "Vazquez,Guillermo"]
[Black "Torre,E"]
[Result "1/2-1/2"]
[WhiteElo "2166"]
[BlackElo "2489"]

1.Nf3 d5 2.c4 d4 3.g3 Nc6 4.Bg2 e5 5.O-O Nf6 6.d3 Be7 7.b4 Nxb4 8.Nxe5 O-O
9.a3 Na6 10.Nd2 Nc5 11.Bb2 Ne6 12.Nb3 Qd6 13.Nf3 c5 14.e3 dxe3 15.fxe3 Bd7
16.Qe2 Ba4 17.Nbd2 Rad8 18.Ne1 Bc6 19.Ndf3 Rfe8 20.e4 Nd7 21.Nc2 Bf6 22.Bxf6 Nxf6
23.Rad1 Ng4 24.Ne3 Nd4 25.Nxd4 Qxd4 26.Qxg4 Qxe3+ 27.Kh1 Rxd3 28.Qf5 f6 29.Rde1 Qd4
30.e5 Bxg2+ 31.Kxg2 Rd2+ 32.Kh3 Rxe5 33.Rxe5 Qxe5 34.Qc8+ Kf7 35.Qxb7+ Qe7
36.Qxe7+ Kxe7 37.Rb1 Rd7 38.Kg4 Kd6 39.Kf5 Re7 40.Rb5 Re5+ 41.Kf4 h5 42.Ra5 g5+
43.Kf3 Re7 44.h4 gxh4 45.gxh4 Rg7 46.Ke4 Rg4+ 47.Kd3 Rd4+ 48.Kc3 Rxh4 49.Rxa7 Rh3+
50.Kb2 Rh2+ 51.Kb3 h4 52.a4 h3 53.Rh7 Rh1 54.Kb2 Rg1 55.Rxh3 Rg8 56.Rd3+ Kc6
57.Rf3 Kb6 58.Rxf6+ Ka5 59.Kc2 Kb4 60.Rf4 Kxa4 61.Re4 Kb4 62.Rh4 Rg2+ 63.Kc1 Kc3
64.Rh3+ Kxc4 65.Rf3 Kb4 66.Rh3 c4 67.Rf3  1/2-1/2

[Event "39th Olympiad Men"]
[Site "Khanty-Mansiysk RUS"]
[Date "2010.09.24"]
[Round "4"]
[White "Cicak,S"]
[Black "Palac,M"]
[Result "1/2-1/2"]
[WhiteElo "2568"]
[BlackElo "2561"]

1.Nf3 d5 2.c4 e6 3.e3 Nf6 4.b3 b6 5.Bb2 Bb7 6.cxd5 exd5 7.Bb5+ c6 8.Be2 Nbd7
9.O-O Bd6 10.d3 O-O 11.Nbd2 Re8 12.Re1 c5 13.d4 Qe7 14.dxc5 bxc5 15.Bb5 Red8
16.Qc2 a6 17.Bf1 Rac8 18.Qf5 Re8  1/2-1/2

[Event "39th Olympiad Men"]
[Site "Khanty-Mansiysk RUS"]
[Date "2010.09.25"]
[Round "5"]
[White "Pantsulaia,L"]
[Black "Dao Thien Hai"]
[Result "1-0"]
[WhiteElo "2599"]
[BlackElo "2520"]

1.Nf3 d5 2.c4 d4 3.g3 c5 4.e3 Nc6 5.exd4 cxd4 6.d3 Nf6 7.Bg2 g6 8.O-O Bg7
9.a3 a5 10.Nbd2 O-O 11.Re1 Nd7 12.Rb1 Nc5 13.Ne4 Nxe4 14.Rxe4 Qd6 15.Re1 Bg4
16.h3 Bf5 17.Ng5 Rab8 18.b4 axb4 19.axb4 b5 20.c5 Qc7 21.Bf4 e5 22.Bc1 h6
23.Ne4 Be6 24.Bd2 Ne7 25.Nd6 Rfd8 26.Qc1 Kh7 27.Ra1 Qd7 28.Kh2 Bd5 29.Ra5 Bxg2
30.Kxg2 Nc6 31.Rxb5 Rxb5 32.Nxb5 Nxb4 33.Qc4 Nc6 34.Nd6 Kg8 35.Ra1 Rf8 36.Ra6 Qc7
37.Qb5 Nd8 38.Ba5 Qe7 39.c6 Ne6 40.Bb4 Qg5 41.Ne4  1-0

[Event "39th Olympiad Men"]
[Site "Khanty-Mansiysk RUS"]
[Date "2010.09.25"]
[Round "5"]
[White "Long,P"]
[Black "Estrada,L"]
[Result "1/2-1/2"]
[WhiteElo "2302"]
[BlackElo "2035"]

1.Nf3 d5 2.c4 e6 3.g3 Nf6 4.Bg2 c6 5.b3 Nbd7 6.Bb2 Bd6 7.O-O O-O 8.Nc3 Re8
9.d4 dxc4 10.bxc4 e5 11.e3 exd4 12.exd4 Nf8 13.Qb3 Rb8 14.Rfe1 Bf5 15.Nh4 Bg6
16.c5 Be7 17.Rad1 Bh5 18.Rc1 Ne6 19.Nf5 Bf8 20.Ne4 Nxe4 21.Rxe4 Bg6 22.g4 Qc7
23.Rce1 b6 24.cxb6 Rxb6 25.Qc2 Reb8 26.Bc1 Rb5 27.h3 Qb6 28.Rd1 Rd8 29.Be3 Rb2
30.Qa4 Rb4 31.Qc2 Rb2 32.Qa4 Rb4 33.Qc2 Rb2 34.Bf1  1/2-1/2

[Event "TCh-NED Meesterklasse 2010-11"]
[Site "Netherlands NED"]
[Date "2010.09.25"]
[Round "1.8"]
[White "Driessens,P"]
[Black "Span,P"]
[Result "1/2-1/2"]
[WhiteElo "2349"]
[BlackElo "2316"]

1.Nf3 d5 2.c4 c6 3.e3 Nf6 4.Qc2 a6 5.b3 Bg4 6.Ne5 Bh5 7.Bb2 Nbd7 8.d3 Nxe5
9.Bxe5 e6 10.Be2 Bb4+ 11.Bc3 Bxc3+ 12.Qxc3 Bxe2 13.Kxe2 Qe7 14.Nd2 e5 15.cxd5 Nxd5
16.Qc4 O-O 17.Ne4 Rad8 18.Rhc1 Kh8 19.g4 f5 20.gxf5 Rxf5 21.Rg1 Qf7 22.Rg2 Qh5+
23.Kd2 Nf6 24.Rag1 Nxe4+ 25.Qxe4 g6 26.h4 Rdf8 27.Ke1 Qh6 28.Rg5 Rxf2 29.Qxe5+ Qg7
30.Qxg7+ Kxg7 31.R1g2 R2f3 32.Ke2 Rh3 33.R5g4 Re8 34.e4 Rd8 35.R2g3 Rh2+
36.Rg2 Rh3 37.R2g3 Rh2+ 38.Rg2  1/2-1/2

[Event "EYCC Boys U12"]
[Site "Batumi GEO"]
[Date "2010.09.26"]
[Round "7"]
[White "Kotik,V"]
[Black "Petrosyan,Arm"]
[Result "1/2-1/2"]
[WhiteElo "1809"]
[BlackElo "1714"]

1.Nf3 d5 2.c4 d4 3.e4 c5 4.d3 Nc6 5.a3 e5 6.g3 Bd6 7.Bg2 Nge7 8.O-O O-O 9.b3 h6
10.Ra2 Be6 11.Kh1 Qd7 12.Ng1 f5 13.f4 fxe4 14.dxe4 b5 15.f5 Bf7 16.f6 Nc8
17.fxg7 Kxg7 18.cxb5 N6e7 19.Raf2 Nb6 20.Bxh6+ Kxh6 21.Rxf7 Rxf7 22.Rxf7 Qe6
23.Rf2 c4 24.bxc4 Nxc4 25.Qf1 Kg7 26.Bh3 Qg8 27.Rf6 Ne3 28.Qf3 Rf8 29.Rxf8 Qxf8
30.Qxf8+ Kxf8 31.Nf3 Nc4 32.Be6 Nb2 33.Kg2 Kg7 34.h4 Nd3 35.Bc4 Nc5 36.Ng5 Kf6
37.Kf3 Nc8 38.Nd2 Nb6 39.Ba2 Nca4 40.Nb1 Nc3 41.Nxc3 dxc3 42.Bb3 Nc4 43.Ke2 Nxa3
44.Kd3 Nxb5 45.Bc4 Nd4 46.Kxc3 a5 47.g4 Bb4+ 48.Kd3 Be1  1/2-1/2

[Event "TCh-BEL 2010-11"]
[Site "Belgium BEL"]
[Date "2010.09.26"]
[Round "1.3"]
[White "Laurent,Ju"]
[Black "Soors,S"]
[Result "0-1"]
[WhiteElo "2278"]
[BlackElo "2305"]

1.Nf3 d5 2.c4 c6 3.g3 Nf6 4.Bg2 a6 5.b3 Bg4 6.Ne5 dxc4 7.Nxc4 Nbd7 8.Bb2 Qc7
9.Ne3 e5 10.Nxg4 Nxg4 11.h3 Ngf6 12.Nc3 Be7 13.Rc1 O-O 14.O-O Rad8 15.Qc2 Nc5
16.Rfd1 Rfe8 17.d3 h5 18.e3 h4 19.g4 Ne6 20.Ne2 Ng5 21.Qc3 Bf8 22.Kh1 Qd6
23.f3 Nd5 24.Qd2 Nb4 25.Nc3 Qxd3 26.Qf2 Qh7 27.f4 exf4 28.exf4 Ne6 29.Be4 Qh6
30.g5 Qh5 31.a3 Rxd1+ 32.Rxd1 Nc5 33.Bf5 Nd5 34.Bg4 Qg6 35.Nxd5 Ne4 36.Qxh4 cxd5
37.Be5 Bc5 38.Rf1 a5 39.Bd7 Rd8 40.Bb5 Rf8 41.Bd7 Qa6 42.Rc1 Bf2 43.Qg4 Be3
44.Rc2 Qf1+ 45.Kh2 Bf2 46.f5 Ng3 47.Qxg3 Bxg3+ 48.Bxg3 Rd8 49.Bc8 d4 50.g6 fxg6
51.Be6+ Kh8 52.Rf2 Qd3 53.Bc7 Rf8 54.Bc4 Qd1 55.Bd6 Rxf5 56.Rg2 Kh7 57.Bg3 d3  0-1

[Event "EYCC Boys U12"]
[Site "Batumi GEO"]
[Date "2010.09.27"]
[Round "8"]
[White "Zeynalli,Miradil Mir Kazim"]
[Black "Valev,V"]
[Result "1-0"]
[WhiteElo "1855"]
[BlackElo "1911"]

1.Nf3 d5 2.c4 c6 3.b3 Nf6 4.g3 g6 5.Bg2 Bg7 6.Bb2 O-O 7.O-O Nbd7 8.d3 Re8
9.Nbd2 e5 10.Rc1 Qb6 11.e3 Qa6 12.a4 Qb6 13.c5 Qc7 14.b4 Nh5 15.e4 Nf8 16.exd5 cxd5
17.Qb3 Nf6 18.Rfe1 d4 19.Ng5 Bh6 20.Nge4 Nxe4 21.Nxe4 Rd8 22.Nf6+ Kg7 23.Nd5 Rxd5
24.Qxd5 Bxc1 25.Bxc1 a5 26.b5 Nd7 27.c6 bxc6 28.bxc6 Nb6 29.Qxe5+ Qxe5 30.Rxe5 Bf5
31.Bb2 Nxa4 32.Bxd4 Kf8 33.c7 Rc8 34.Bc6 Be6 35.Bxa4  1-0

[Event "39th Olympiad Men"]
[Site "Khanty-Mansiysk RUS"]
[Date "2010.09.27"]
[Round "6"]
[White "Iturrizaga,E"]
[Black "Kazhgaleyev,M"]
[Result "0-1"]
[WhiteElo "2609"]
[BlackElo "2620"]

1.Nf3 d5 2.c4 c6 3.e3 Nf6 4.Nc3 a6 5.Qc2 g6 6.b3 Bg7 7.Bb2 O-O 8.Be2 Bg4
9.d4 Bxf3 10.Bxf3 e6 11.O-O Nbd7 12.Ba3 Re8 13.Bd6 Bf8 14.Bg3 Rc8 15.Rfd1 Bg7
16.Rac1 Qe7 17.Na4 h5 18.h3 Nh7 19.cxd5 exd5 20.b4 Ng5 21.Nc5 Nxf3+ 22.gxf3 Nb6
23.a4 Nc4 24.a5 Bh6 25.Kh1 Qf6 26.f4 Re7 27.f5 h4 28.Bh2 Qxf5 29.Qxf5 gxf5
30.Nd3 f6 31.Kg2 Bf8 32.Kf3 Rg7 33.Bf4 Be7 34.Bh2 Kf7 35.Bf4 Re8 36.Bh2 Reg8
37.Bf4 Rg2 38.Rb1 Ke6 39.Rbc1 Kd7 40.Rb1 Bd6 41.Rbc1 Ke7 42.Bxd6+ Kxd6 43.Nf4 Rh2
44.Rh1 Rg3+  0-1

[Event "39th Olympiad Men"]
[Site "Khanty-Mansiysk RUS"]
[Date "2010.09.27"]
[Round "6"]
[White "Mastrovasilis,A"]
[Black "Pridorozhni,A"]
[Result "1/2-1/2"]
[WhiteElo "2556"]
[BlackElo "2556"]

1.Nf3 d5 2.c4 c6 3.e3 Nf6 4.Nc3 a6 5.Qc2 e6 6.d4 Nbd7 7.b3 b5 8.Be2 Be7 9.O-O O-O
10.Bb2 bxc4 11.bxc4 dxc4 12.Ne5 Bb7 13.Bf3 Nxe5 14.dxe5 Nd5 15.Rfd1 Qc7 16.Ne4 c5
17.Qxc4 Nb6 18.Qe2 Na4 19.Rac1 Nxb2 20.Qxb2 Rab8 21.Qc3 Bxe4 22.Bxe4 Rfd8
23.g3 g6 24.Rxd8+ Qxd8 25.Bf3 a5 26.a4 Rb4 27.Bc6 h5 28.h4 Qc7 29.Bb5 Qb7
30.Qc2 Qd5 31.Rb1 Qxe5 32.Bc4 Kg7 33.Bb5 Bd6 34.Bc4 Bc7 35.Bb5 Bd8 36.Bc4 Be7
37.Bb5 Bf6 38.Bc4 g5 39.hxg5 Bxg5 40.Rxb4 cxb4 41.Kg2 Bf6 42.Bb3 h4 43.Qc4 hxg3
44.Qg4+ Kf8 45.Qxg3 Qe4+ 46.Qf3 Qg6+ 47.Qg3 Qd3 48.Qb8+ Bd8 49.Bc4 Qd7 50.Bb3 Qc6+
51.Kg1 Ke7 52.Qf4 Qc5 53.Qc4 Qe5 54.Kf1 Kf8 55.Qc8 Qd6 56.Ke2 Kg7 57.Qc4 Bf6
58.Qg4+ Kf8 59.Qc4 Qe5 60.Qc8+ Kg7 61.Qc4 Qh5+ 62.Kf1 Qf3 63.Qf4 Qxf4 64.exf4 Bd4
65.Ke2 Kf6 66.Kf3 Ke7 67.f5 exf5 68.Ke2 f6 69.f3 Kd6 70.Kd3 Bb6 71.Kc2 Ke5
72.Bf7  1/2-1/2

[Event "39th Olympiad Men"]
[Site "Khanty-Mansiysk RUS"]
[Date "2010.09.28"]
[Round "7"]
[White "Beliavsky,A"]
[Black "Sedlak,N"]
[Result "0-1"]
[WhiteElo "2632"]
[BlackElo "2550"]

1.Nf3 d5 2.c4 c6 3.e3 Nf6 4.Nc3 e6 5.b3 Nbd7 6.Bb2 Bd6 7.d4 Ne4 8.Nxe4 dxe4
9.Nd2 f5 10.c5 Be7 11.f3 exf3 12.Qxf3 O-O 13.Bc4 Kh8 14.O-O-O e5 15.Qe2 e4
16.g4 b5 17.Be6 Ne5 18.Bxf5 Nd3+ 19.Kb1 Bxf5 20.gxf5 Qd5 21.Qg2 Bf6 22.Rhf1 Nxb2
23.Kxb2 Bxd4+ 24.Kb1 Bxe3 25.Nc4 Qxc5 26.Rd7 Bh6 27.f6 Rxf6 28.Rxf6 gxf6
29.Nd2 Rg8  0-1

[Event "OIS"]
[Site "Munich GER"]
[Date "2010.09.28"]
[Round "4"]
[White "Santl,A"]
[Black "Shirazi,K"]
[Result "0-1"]
[WhiteElo "2131"]
[BlackElo "2394"]

1.Nf3 d5 2.c4 d4 3.g3 c5 4.Bg2 Nc6 5.O-O e5 6.d3 h6 7.Na3 Bd6 8.Nc2 a5 9.e3 Nf6
10.exd4 exd4 11.Re1+ Be6 12.Nh4 O-O 13.Ng6 Bg4 14.f3 Bxf3 15.Bxf3 fxg6 16.b3 Qc7
17.Bd2 Bxg3 18.hxg3 Qxg3+ 19.Kh1 Ng4  0-1

[Event "39th Olympiad Men"]
[Site "Khanty-Mansiysk RUS"]
[Date "2010.09.29"]
[Round "8"]
[White "Mastrovasilis,A"]
[Black "Dao Thien Hai"]
[Result "0-1"]
[WhiteElo "2556"]
[BlackElo "2520"]

1.Nf3 d5 2.c4 d4 3.b4 c5 4.e3 f6 5.exd4 cxd4 6.c5 a5 7.Bc4 axb4 8.Qb3 e6
9.O-O Bxc5 10.Re1 Ne7 11.Bxe6 Bxe6 12.Qxe6 Nc6 13.Bb2 Qd6 14.Qxd6 Bxd6 15.d3 Kf7
16.Nbd2 Rhd8 17.Nb3 Ne5 18.Nxe5+ fxe5 19.f4 exf4 20.Bxd4 Nc6 21.Bc5 Be5 22.d4 Bf6
23.Re4 Ra6 24.Rxf4 Rd5 25.a3 b6 26.Bxb4 Nxb4 27.axb4 Rxa1+ 28.Nxa1 Rxd4 29.Rf1 Rxb4
30.Nc2 Rb2 31.Ne3 Ke6 32.Re1 Bc3 33.Nd1+ Bxe1 34.Nxb2 Kd5 35.Kf1 Bc3 36.Nd3 b5
37.Ke2 b4 38.Nc1 Kc4 39.Ke3 b3 40.Nxb3 Kxb3 41.g4 Kc4 42.Ke4 Kc5 43.h4 Kd6
44.Kf5 Ke7 45.h5 Kf7  0-1